A guide to the project management body of knowledge: PMBOK Guide

Tallennettuna:
Bibliografiset tiedot
Yhteisötekijä: Project Management Institute (Tekijä)
Aineistotyyppi: Kirja
Kieli:englanti
Julkaistu: Atlanta Project Management Institute 2013
Painos:5a. ed
Aiheet:
Tagit: Lisää tagi
Ei tageja, Lisää ensimmäinen tagi!

MARC

LEADER 00000cam a2200000 a 4500
001 UCF7166
003 CL-VaPUC
008 130613e20130000US |||||||||||||||||eng|d
020 |a 9781935589679 
082 0 4 |a 658.404  |b PRO  |2 21 
110 2 |a Project Management Institute  |e author  |9 569167 
245 1 2 |a A guide to the project management body of knowledge: PMBOK Guide 
250 |a 5a. ed 
300 |a 589 p 
942 |c BK 
945 |d 20130613 00:00:00  |a dcastane 
260 |a Atlanta  |b Project Management Institute  |c 2013 
650 7 |a MANEJO DE INFORMACION  |2 CL-VaPUC  |9 525292 
650 7 |a EVALUACION DE LA INFORMACION  |2 CL-VaPUC  |9 527724 
583 |a last modification  |c 20130613 14:21:00  |k Rodrigo Vera 
999 |c 352085  |d 352083 
952 |0 0  |1 0  |4 0  |6 658_404000000000000_PRO_2013  |7 0  |8 A  |9 456622  |a BIBING  |b BIBING  |d 2019-11-22  |i 4978722  |o 658.404 PRO 2013  |p 4978722  |r 2025-01-20  |w 2019-11-22  |y BK  |k EII 
952 |0 0  |1 0  |4 0  |6 658_404000000000000_PRO_2013  |7 0  |8 A  |9 456623  |a BIBING  |b BIBING  |d 2019-11-22  |i 4978730  |o 658.404 PRO 2013  |p 4978730  |r 2025-01-20  |w 2019-11-22  |y BK  |k EII